000 00377nam a2200145Ia 4500
008 230917s9999||||xx |||||||||||||| ||und||
040 _e128863
_aMAIN
041 _aEnglish
082 _a342.5409 K269C
100 _aKeith, Arthur Berriedale
245 0 _aConstitutional history of India
260 _aAllahabad
_bCentral Book Depot
_c1961
300 _a581 p.
942 _cBK
999 _c182482
_d182482